[Event "Paris-ch op-B 87th"]
[Site "Paris"]
[Date "2012.07.10"]
[Round "4"]
[White "Goeller, Charles"]
[Black "Bucaille, Guy"]
[Result "0-1"]
[WhiteElo "1943"]
[BlackElo "2046"]
[PlyCount "184"]
[EventDate "2012.07.07"]
[EventType "swiss"]
[EventRounds "9"]
[EventCountry "FRA"]
[SourceTitle "EXT 2013"]
[Source "ChessBase"]
[SourceDate "2012.11.22"]
[SourceVersion "1"]
[SourceVersionDate "2012.11.22"]
[SourceQuality "1"]

1. e4 c5 2. Nc3 Nc6 3. f4 g6 4. Nf3 Bg7 5. Bb5 Nd4 6. Nxd4 cxd4 7. Ne2 Qb6 8. Bd3 d5 9. e5 f6 10. exf6 Nxf6 11. Ng3 Bg4 12. Be2 Bxe2 13. Qxe2 0-0 14. d3 e5 15. fxe5 Nd7 16. Rf1 Bxe5 17. Rxf8+ Rxf8 18. b3 Qd6 19. Bh6 Re8 20. Kf1 Nf6 21. Qf3 Bxg3 22. hxg3 Nh5 23. Bf4 Qe6 24. Kf2 Kg7 25. Rf1 Nf6 26. Kg1 Ng4 27. Bg5 h5 28. a4 a5 29. Bd2 b6 30. Qf4 Qf6 31. Qc7+ Re7 32. Rxf6 Rxc7 33. Rxb6 Rxc2 34. Be1 Re2 35. Kf1 Re3 36. Bxa5 Rxd3 37. Rb7+ Kf6 38. Bd8+ Ke6 39. a5 Rxg3 40. Re7+ Kd6 41. Bc7+ Kxe7 42. Bxg3 Kd7 43. a6 Kc6 44. b4 Ne3+ 45. Ke2 Nf5 46. b5+ Kb6 47. Bf4 Ng7 48. Kd3 Ne6 49. Be5 g5 50. Bxd4+ Kxb5 51. a7 Nc7 52. Be3 Ka6 53. Bc5 Kb7 54. Bd6 Ne6 55. g3 Kxa7 56. Be7 Kb6 57. Bf6 Kc6 58. Be7 Kd7 59. Bb4 Ke8 60. Bd6 Kf7 61. Be5 Kg6 62. Ke3 Kf5 63. Bd6 Kg4 64. Kf2 Nd4 65. Bc7 Ne6 66. Bd6 Ng7 67. Bc7 Nf5 68. Be5 h4 69. gxh4 Nxh4 70. Bf6 Kf4 71. Bd4 Nf5 72. Bc3 Kg4 73. Bd2 Ng3 74. Bxg5 Ne4+ 75. Ke3 Kxg5 76. Kd4 Nf6 77. Ke5 Kg6 78. Kf4 Kf7 79. Kf5 Ke7 80. Ke5 Kd7 81. Kd4 Kd6 82. Ke3 Ke5 83. Kd3 d4 84. Kd2 Ke4 85. Ke2 d3+ 86. Kf1 Ke3 87. Ke1 Ne4 88. Kd1 Nf2+ 89. Ke1 d2+ 90. Kf1 d1Q+ 91. Kg2 Qh1+ 92. Kg3 Qh3# 0-1

[Event "Paris-ch op-A"]
[Site "Paris"]
[Date "2010.07.07"]
[Round "5"]
[White "Goeller, Charles"]
[Black "Kambrath, Yannick"]
[Result "0-1"]
[WhiteElo "1848"]
[BlackElo "2001"]
[PlyCount "78"]
[EventDate "2010.07.03"]
[EventType "swiss"]
[EventRounds "9"]
[EventCountry "FRA"]
[SourceTitle "CBM 137 Extra"]
[Source "ChessBase"]
[SourceDate "2010.09.01"]
[SourceVersion "1"]
[SourceVersionDate "2010.09.01"]
[SourceQuality "1"]

1. e4 e5 2. Nf3 Nc6 3. d4 exd4 4. Nxd4 Nf6 5. Nxc6 bxc6 6. e5 Qe7 7. Qe2 Nd5 8. c4 Nb6 9. b3 a5 10. Ba3 Qg5 11. Bxf8 Kxf8 12. g3 a4 13. f4 Qe7 14. Nd2 axb3 15. Nxb3 Ba6 16. Qe4 Qb4+ 17. Nd2 Qc3 18. Rb1 d5 19. cxd5 Bxf1 20. Rxf1 Rxa2 21. Qb4+ Qxb4 22. Rxb4 cxd5 23. Nb3 Ke7 24. Rf2 Rha8 25. Rd4 R8a3 26. Rxa2 Rxa2 27. Rd3 Ra3 28. g4 c6 29. Ke2 Nc4 30. h3 g6 31. Nc5 Ra5 32. Nb3 Ra2+ 33. Kf1 Ra3 34. Ke2 h5 35. Nc5 Ra5 36. Nb3 Ra2+ 37. Kf3 Rb2 38. Nc5 Rb5 39. Nb3 Rxb3 0-1